Statistics for Writers of the American Renaissance

Click here to take the quiz!

General Stats

  • This quiz has been taken 20 times
  • The average score is 9 of 21

Answer Stats

WriterLivedBirthplaceRepresentative Work% Correct
Walt Whitman1819-1892West Hills, NY"O Captain! My Captain!" (poem)
89%
Harriet Beecher Stowe1811-1896Litchfield, CTUncle Tom's Cabin (novel)
67%
Herman Melville1819-1891New York, NY"Bartleby the Scrivener" (short story)
67%
Nathaniel Hawthorne1804-1864Salem, MAThe House of the Seven Gables (novel)
67%
Frederick Douglass1818-1895Cordova, MD"What to the Slave is the Fourth of July?" (speech)
61%
Henry David Thoreau1817-1862Concord, MAA Week on the Concord & Merrimack Rivers (travelogue/nature writing)
61%
Ralph Waldo Emerson1803-1882Boston, MA"Self-Reliance" (essay)
56%
Edgar Allan Poe1809-1849Boston, MA"The Masque of the Red Death" (short story)
50%
Emily Dickinson1830-1886Amherst, MA"Because I could not stop for Death" (poem)
50%
Henry Wadsworth Longfellow1807-1882Portland, METhe Song of Hiawatha (epic poem)
50%
James Fenimore Cooper1789-1851Burlington, NJLeatherstocking Tales (story collection)
50%
Washington Irving1783-1859New York, NY"Rip Van Winkle" (short story)
50%
Abraham Lincoln1809-1865Hodgenville, KY"House Divided" (speech)
44%
Louisa May Alcott1832-1888Germantown, PAJo's Boys and How They Turned Out (novel)
28%
Sojourner Truth1797-1883Rifton, NY"Ain't I a Woman?" (speech)
28%
John Greenleaf Whittier1807-1892Haverhill, MAJustice and Expediency; or, Slavery Considered with a View to Its Rightful and Effectual Remedy, Abolition (pamphlet)
11%
William Lloyd Garrison1805-1879Newburyport, MA"The Tragedy at Harper's Ferry" (editorial)
11%
Harriet Jacobs1813-1897Edenton, NCIncidents in the Life of a Slave Girl (autobiography)
6%
Margaret Fuller1810-1850Cambridge, MAWoman in the Nineteenth Century (book-length essay)
6%
Oliver Wendell Holmes, Sr.1809-1894Cambridge, MAThe Autocrat of the Breakfast Table (essay collection)
6%
William Cullen Bryant1794-1878Cummington, MA"Thanatopsis" (poem)
6%

Score Distribution

Percentile by Number Answered

Percent of People with Each Score

Your Score History

You have not taken this quiz